000
00319nam a2200157Ia 4500
100
_a
Grover/Chris
650
_a
Flash
942
_c
BK
366
_f
20
245
_a
Flash CS5 The missing manual
260
_b
SPD
_c
2010
082
_a
005.133F
_b
GRO
300
_a
756
546
_a
ENGLISH
_c
Computers
999
_c
33779
_d
33779